000 00220nam a2200097Ia 4500
008 230508s1991 xx 000 0 und d
041 _aeng
100 _aCOULSON RICHARD
245 _aCHEMICAL ENGG. VOL 1
260 _c1991
999 _c714153
_d714153